000 00326 a2200109 4500
001 ART_49112
005 20260410161745.0
008 260409a
245 1 0 _aLa economía de plataformas y las relaciones de trabajo
100 1 _aDuarte, David
773 0 _tDoctrina laboral
_g- N° 406 (jun. 2019)
_wREV4049
999 _c19105
_d19105